San Antonio Spurs - Retired Jersey #'s - Statistics

General Stats
  • This quiz has been taken 8 times
  • The average score is 8 of 10
Answer Stats
Hint Answer % Correct
20 Manu Ginobili
100%
21 Tim Duncan
100%
50 David Robinson
88%
9 Tony Parker
88%
44 George Gervin
75%
6 Avery Johnson
63%
12 Bruce Bowen
63%
00 Johnny Moore
63%
32 Sean Elliot
63%
13 James Silas
50%
No matching quizzes found
Score Distribution
Percent of People with Each Score
Percentile by Number Answered
Your Score History
You have not taken this quiz